In the shadow of the ark (Record no. 9125)

MARC details
000 -LEADER
fixed length control field 00795nam a22002177a 4500
003 - CONTROL NUMBER IDENTIFIER
control field OSt
005 - DATE AND TIME OF LATEST TRANSACTION
control field 20260316011322.0
008 - FIXED-LENGTH DATA ELEMENTS--GENERAL INFORMATION
fixed length control field 260316b |||||||| |||| 00| 0 eng d
020 ## - INTERNATIONAL STANDARD BOOK NUMBER
International Standard Book Number 0-439-44234-6
040 ## - CATALOGING SOURCE
Original cataloging agency DWCL GS lib
Transcribing agency OC
082 ## - DEWEY DECIMAL CLASSIFICATION NUMBER
Edition number P969s 2004
100 ## - MAIN ENTRY--PERSONAL NAME
Personal name PROVOOST, ANNE
245 ## - TITLE STATEMENT
Title In the shadow of the ark
Statement of responsibility, etc. PROVOOST, ANNE
260 ## - PUBLICATION, DISTRIBUTION, ETC.
Name of publisher, distributor, etc. Arthur A. Levine Books
Date of publication, distribution, etc. 2004
300 ## - PHYSICAL DESCRIPTION
Extent vii, 368
Dimensions 24cm.
520 ## - SUMMARY, ETC.
Summary, etc. In the Shadow of the Ark by Anne Provoost is a YA/adult crossover historical novel offering a haunting retelling of Noah's flood through the eyes of Re Jana, a skeptical young woman living in the worker camp around the ark.
546 ## - LANGUAGE NOTE
Language note English
650 ## - SUBJECT ADDED ENTRY--TOPICAL TERM
Source of heading or term Total Obedience
651 ## - SUBJECT ADDED ENTRY--GEOGRAPHIC NAME
Source of heading or term Critical Thinking on Authority
942 ## - ADDED ENTRY ELEMENTS (KOHA)
Source of classification or shelving scheme Dewey Decimal Classification
Koha item type Fiction
Classification part Fic.
Suppress in OPAC No

No items available.